Nehnuteľnosti ako jedna z foriem alternatívneho investovania diplomová práca

Enregistré dans:
Détails bibliographiques
Auteur principal: Ferancová, Mária
Collectivité auteur: Fakulta podnikového manažmentu EU. Katedra podnikových financií
Autres auteurs: Škriniar, Pavel, 1979-
Format: Livre
Langue:slovaque
Publié: Bratislava 2018
Tags: Ajouter un tag
Pas de tags, Soyez le premier à ajouter un tag!

MARC

LEADER 00000nbm a2200000 4500
001 0244566
005 20181001110807.1
041 0 |a slo 
044 |a SK 
245 1 0 |a Nehnuteľnosti ako jedna z foriem alternatívneho investovania  |b diplomová práca  |c Mária Ferancová ; školiteľ: Pavel Škriniar 
264 1 |a Bratislava  |c 2018 
300 |a 52 s. 
100 1 |a Ferancová, Mária 
700 1 |a Škriniar, Pavel, 1979- 
710 2 |a Fakulta podnikového manažmentu EU. Katedra podnikových financií